| 000 | 01129nmc a2200421 a 4500 | ||
|---|---|---|---|
| 003 | AR-BaBNM | ||
| 005 | 20251128204147.0 | ||
| 008 | 106019s1984 ||||||||||||||000 | spa|| | ||
| 020 | _a950 25 0064 6 | ||
| 040 | _cAR-BaBNM | ||
| 245 | 1 | 0 | _aDemocracia, orden político y parlamento fuerte |
| 260 |
_aBuenos Aires _bCentro Editor de América Latina _c1984 |
||
| 300 | _a160 p. | ||
| 490 | 0 |
_aBiblioteca política argentina _vv. 65 |
|
| 504 | _aCon bibliografía | ||
| 650 | 4 | _aPOLITICA | |
| 650 | 4 | _aDEMOCRACIA | |
| 650 | 4 | _aPARLAMENTO | |
| 650 | 4 | _aDERECHOS HUMANOS | |
| 650 | 4 | _aSOCIALISMO | |
| 650 | 4 | _aECONOMIA | |
| 650 | 4 | _aPARTIDOS POLITICOS | |
| 650 | 4 | _aINTEGRACION POLITICA | |
| 650 | 4 | _aPOLITICOS | |
| 651 | 4 | _aArgentina | |
| 700 | 1 | _aAmadeo, Eduardo | |
| 700 | 1 | _aBruno, Angel | |
| 700 | 1 | _aCavarozzi, Marcelo | |
| 700 | 1 | _aDe Riz, Liliana | |
| 700 | 1 | _aHerrera, Juan Carlos | |
| 700 | 1 | _aJaimovich, Ernesto | |
| 700 | 1 | _aPalau, Armando | |
| 700 | 1 | _aRaimundi, Carlos | |
| 700 | 1 | _aVarcia, Cecilia | |
| 700 | 1 |
_aCavarozzi, Marcelo _ecompilador |
|
| 942 | _cBK | ||
| 998 | _cenrique | ||
| 999 |
_c6420 _d6420 |
||